| 000 | 00823nam a2200229 a 4500 | ||
|---|---|---|---|
| 001 | 39596 | ||
| 003 | BD-RjUL | ||
| 005 | 20211209053025.0 | ||
| 008 | 160413s2013 bg ||||e |||| 00| 0 ben d | ||
| 020 | _c: Tk.100.00 | ||
| 035 | _a(BD-RjUL)39709 | ||
| 040 |
_aBD-RjUL _bben _cBD-RjUL |
||
| 041 | _aben | ||
| 082 |
_223 _a891.441 _bTAG 2013 |
||
| 100 |
_aতালুকদার, মু. আব্দুল লতিফ _9121960 |
||
| 245 |
_aগল্পে গল্পে কবিতা / _cমু. আব্দুল লতিফ তালুকদার |
||
| 260 |
_aরাজশাহী : _bনূরুস সামা মনি , _c২০১৩ |
||
| 300 |
_a২৮ পৃ. ; _c২২ সে.মি. |
||
| 650 |
_aবাংলা কবিতা _9121961 |
||
| 650 |
_aBengali poetry _9121962 |
||
| 942 |
_2ddc _cBK |
||
| 999 |
_c39596 _d39596 |
||